<?xml version="1.0" encoding="UTF-8"?>
<record
    xmlns:xsi="http://www.w3.org/2001/XMLSchema-instance"
    xsi:schemaLocation="http://www.loc.gov/MARC21/slim http://www.loc.gov/standards/marcxml/schema/MARC21slim.xsd"
    xmlns="http://www.loc.gov/MARC21/slim">

  <leader>00447nam a22001457a 4500</leader>
  <datafield tag="999" ind1=" " ind2=" ">
    <subfield code="c">173</subfield>
    <subfield code="d">173</subfield>
  </datafield>
  <controlfield tag="008">150401b        xxu||||| |||| 00| 0 eng d</controlfield>
  <datafield tag="020" ind1=" " ind2=" ">
    <subfield code="a">9966289828</subfield>
  </datafield>
  <datafield tag="050" ind1=" " ind2=" ">
    <subfield code="a">HB 171.5 .S25 2011</subfield>
  </datafield>
  <datafield tag="100" ind1=" " ind2=" ">
    <subfield code="a">Saleemi, Nisar Ahmad.</subfield>
  </datafield>
  <datafield tag="245" ind1=" " ind2=" ">
    <subfield code="a">Economics Simplified/</subfield>
    <subfield code="c">Nisar Ahmad Saleemi.</subfield>
  </datafield>
  <datafield tag="250" ind1=" " ind2=" ">
    <subfield code="a">3rd ed.</subfield>
  </datafield>
  <datafield tag="260" ind1=" " ind2=" ">
    <subfield code="a">Nairobi:</subfield>
    <subfield code="b">Saleemi,</subfield>
    <subfield code="c">2011.</subfield>
  </datafield>
  <datafield tag="300" ind1=" " ind2=" ">
    <subfield code="a">572p.:</subfield>
    <subfield code="b">ill.;</subfield>
    <subfield code="c">20.4CM.</subfield>
  </datafield>
  <datafield tag="650" ind1=" " ind2=" ">
    <subfield code="a">Economics.</subfield>
  </datafield>
  <datafield tag="942" ind1=" " ind2=" ">
    <subfield code="2">lcc</subfield>
    <subfield code="c">SH_L_BOOKS</subfield>
    <subfield code="h">HB 171.5 .S25 2011</subfield>
    <subfield code="0">542</subfield>
  </datafield>
  <datafield tag="952" ind1=" " ind2=" ">
    <subfield code="0">0</subfield>
    <subfield code="1">0</subfield>
    <subfield code="2">lcc</subfield>
    <subfield code="4">0</subfield>
    <subfield code="7">0</subfield>
    <subfield code="a">MUC</subfield>
    <subfield code="b">MUC</subfield>
    <subfield code="d">2015-04-01</subfield>
    <subfield code="l">4</subfield>
    <subfield code="o">HB 171.5 .S25 2011</subfield>
    <subfield code="p">57</subfield>
    <subfield code="r">2023-07-29</subfield>
    <subfield code="s">2023-07-29</subfield>
    <subfield code="w">2015-04-01</subfield>
    <subfield code="y">SH_L_BOOKS</subfield>
  </datafield>
  <datafield tag="952" ind1=" " ind2=" ">
    <subfield code="0">0</subfield>
    <subfield code="1">0</subfield>
    <subfield code="2">lcc</subfield>
    <subfield code="4">0</subfield>
    <subfield code="7">0</subfield>
    <subfield code="a">MUC</subfield>
    <subfield code="b">MUC</subfield>
    <subfield code="c">AFR</subfield>
    <subfield code="d">2015-04-01</subfield>
    <subfield code="l">22</subfield>
    <subfield code="o">HB 171.5 .S25 2011</subfield>
    <subfield code="p">58</subfield>
    <subfield code="r">2022-06-10</subfield>
    <subfield code="s">2022-06-10</subfield>
    <subfield code="w">2015-04-01</subfield>
    <subfield code="y">AFRICANA</subfield>
  </datafield>
  <datafield tag="952" ind1=" " ind2=" ">
    <subfield code="0">0</subfield>
    <subfield code="1">0</subfield>
    <subfield code="2">lcc</subfield>
    <subfield code="4">0</subfield>
    <subfield code="7">0</subfield>
    <subfield code="a">MUC</subfield>
    <subfield code="b">MUC</subfield>
    <subfield code="c">AFR</subfield>
    <subfield code="d">2015-04-01</subfield>
    <subfield code="l">79</subfield>
    <subfield code="o">HB 171.5 .S25 2011</subfield>
    <subfield code="p">517</subfield>
    <subfield code="r">2024-10-29</subfield>
    <subfield code="s">2024-10-29</subfield>
    <subfield code="w">2015-04-01</subfield>
    <subfield code="y">SH_L_BOOKS</subfield>
  </datafield>
  <datafield tag="952" ind1=" " ind2=" ">
    <subfield code="0">0</subfield>
    <subfield code="1">0</subfield>
    <subfield code="2">lcc</subfield>
    <subfield code="4">0</subfield>
    <subfield code="7">0</subfield>
    <subfield code="a">MUC</subfield>
    <subfield code="b">MUC</subfield>
    <subfield code="c">SL</subfield>
    <subfield code="d">2015-04-01</subfield>
    <subfield code="l">126</subfield>
    <subfield code="o">HB 171.5 .S25 2010</subfield>
    <subfield code="p">4763</subfield>
    <subfield code="r">2024-09-23</subfield>
    <subfield code="s">2024-09-23</subfield>
    <subfield code="w">2015-04-01</subfield>
    <subfield code="y">SH_L_BOOKS</subfield>
  </datafield>
  <datafield tag="952" ind1=" " ind2=" ">
    <subfield code="0">0</subfield>
    <subfield code="1">0</subfield>
    <subfield code="2">lcc</subfield>
    <subfield code="4">0</subfield>
    <subfield code="7">0</subfield>
    <subfield code="a">MUC</subfield>
    <subfield code="b">MUC</subfield>
    <subfield code="c">GEN</subfield>
    <subfield code="d">2015-04-01</subfield>
    <subfield code="l">154</subfield>
    <subfield code="o">HB 171.5 .S25 2011</subfield>
    <subfield code="p">811</subfield>
    <subfield code="r">2026-04-13</subfield>
    <subfield code="s">2026-04-13</subfield>
    <subfield code="w">2015-04-01</subfield>
    <subfield code="y">SH_L_BOOKS</subfield>
  </datafield>
  <datafield tag="952" ind1=" " ind2=" ">
    <subfield code="0">0</subfield>
    <subfield code="1">0</subfield>
    <subfield code="2">lcc</subfield>
    <subfield code="4">0</subfield>
    <subfield code="7">0</subfield>
    <subfield code="a">MUC</subfield>
    <subfield code="b">MUC</subfield>
    <subfield code="d">2015-04-01</subfield>
    <subfield code="l">1</subfield>
    <subfield code="o">HB 171.5 .S25 2011</subfield>
    <subfield code="p">374</subfield>
    <subfield code="r">2016-09-21</subfield>
    <subfield code="s">2016-09-21</subfield>
    <subfield code="w">2015-04-01</subfield>
    <subfield code="y">BOOKS</subfield>
  </datafield>
  <datafield tag="952" ind1=" " ind2=" ">
    <subfield code="0">0</subfield>
    <subfield code="1">0</subfield>
    <subfield code="2">lcc</subfield>
    <subfield code="4">0</subfield>
    <subfield code="7">0</subfield>
    <subfield code="a">MUC</subfield>
    <subfield code="b">MUC</subfield>
    <subfield code="d">2015-04-01</subfield>
    <subfield code="l">109</subfield>
    <subfield code="m">1</subfield>
    <subfield code="o">HB 171.5 .S25 2011</subfield>
    <subfield code="p">5334</subfield>
    <subfield code="r">2024-09-25</subfield>
    <subfield code="s">2024-09-25</subfield>
    <subfield code="w">2015-04-01</subfield>
    <subfield code="y">SH_L_BOOKS</subfield>
  </datafield>
  <datafield tag="952" ind1=" " ind2=" ">
    <subfield code="0">0</subfield>
    <subfield code="1">0</subfield>
    <subfield code="2">lcc</subfield>
    <subfield code="4">0</subfield>
    <subfield code="7">0</subfield>
    <subfield code="a">MUC</subfield>
    <subfield code="b">MUC</subfield>
    <subfield code="c">SL</subfield>
    <subfield code="d">2015-04-01</subfield>
    <subfield code="l">9</subfield>
    <subfield code="m">1</subfield>
    <subfield code="o">HB 171.5 .S25 2011</subfield>
    <subfield code="p">266</subfield>
    <subfield code="r">2022-05-18</subfield>
    <subfield code="s">2022-05-18</subfield>
    <subfield code="w">2015-04-01</subfield>
    <subfield code="y">SH_L_BOOKS</subfield>
  </datafield>
  <datafield tag="952" ind1=" " ind2=" ">
    <subfield code="0">0</subfield>
    <subfield code="1">0</subfield>
    <subfield code="2">lcc</subfield>
    <subfield code="4">0</subfield>
    <subfield code="7">0</subfield>
    <subfield code="a">MUC</subfield>
    <subfield code="b">MUC</subfield>
    <subfield code="c">SL</subfield>
    <subfield code="d">2015-04-01</subfield>
    <subfield code="l">113</subfield>
    <subfield code="o">HB 171.5 .S25 2009</subfield>
    <subfield code="p">398</subfield>
    <subfield code="r">2024-11-21</subfield>
    <subfield code="s">2024-11-21</subfield>
    <subfield code="w">2015-04-01</subfield>
    <subfield code="y">SH_L_BOOKS</subfield>
  </datafield>
  <datafield tag="952" ind1=" " ind2=" ">
    <subfield code="0">0</subfield>
    <subfield code="1">0</subfield>
    <subfield code="2">lcc</subfield>
    <subfield code="4">0</subfield>
    <subfield code="7">0</subfield>
    <subfield code="a">MUC</subfield>
    <subfield code="b">MUC</subfield>
    <subfield code="c">SL</subfield>
    <subfield code="d">2015-04-01</subfield>
    <subfield code="l">65</subfield>
    <subfield code="m">1</subfield>
    <subfield code="o">HB 171.5 .S25 2011</subfield>
    <subfield code="p">242</subfield>
    <subfield code="r">2025-12-10</subfield>
    <subfield code="s">2025-12-10</subfield>
    <subfield code="w">2015-04-01</subfield>
    <subfield code="y">BOOKS</subfield>
  </datafield>
  <datafield tag="952" ind1=" " ind2=" ">
    <subfield code="0">0</subfield>
    <subfield code="1">0</subfield>
    <subfield code="2">lcc</subfield>
    <subfield code="4">0</subfield>
    <subfield code="7">0</subfield>
    <subfield code="a">MUC</subfield>
    <subfield code="b">MUC</subfield>
    <subfield code="c">AFR</subfield>
    <subfield code="d">2015-04-01</subfield>
    <subfield code="l">14</subfield>
    <subfield code="o">HB 171.5 .S25 2011</subfield>
    <subfield code="p">5335</subfield>
    <subfield code="r">2024-09-16</subfield>
    <subfield code="s">2024-09-16</subfield>
    <subfield code="w">2015-04-01</subfield>
    <subfield code="y">AFRICANA</subfield>
  </datafield>
  <datafield tag="952" ind1=" " ind2=" ">
    <subfield code="0">0</subfield>
    <subfield code="1">0</subfield>
    <subfield code="2">lcc</subfield>
    <subfield code="4">0</subfield>
    <subfield code="7">0</subfield>
    <subfield code="a">MUC</subfield>
    <subfield code="b">MUC</subfield>
    <subfield code="c">SL</subfield>
    <subfield code="d">2015-04-01</subfield>
    <subfield code="l">9</subfield>
    <subfield code="o">HB 171.5 .S25 2011</subfield>
    <subfield code="p">420</subfield>
    <subfield code="r">2022-10-26</subfield>
    <subfield code="s">2022-10-26</subfield>
    <subfield code="w">2015-04-01</subfield>
    <subfield code="y">AFRICANA</subfield>
  </datafield>
  <datafield tag="952" ind1=" " ind2=" ">
    <subfield code="0">0</subfield>
    <subfield code="1">0</subfield>
    <subfield code="2">lcc</subfield>
    <subfield code="4">0</subfield>
    <subfield code="7">0</subfield>
    <subfield code="a">MUC</subfield>
    <subfield code="b">MUC</subfield>
    <subfield code="c">SL</subfield>
    <subfield code="d">2016-06-29</subfield>
    <subfield code="l">107</subfield>
    <subfield code="o">HB 171.5 .S25 2011</subfield>
    <subfield code="p">552</subfield>
    <subfield code="r">2025-12-13</subfield>
    <subfield code="s">2025-12-13</subfield>
    <subfield code="w">2016-06-29</subfield>
    <subfield code="y">SH_L_BOOKS</subfield>
  </datafield>
  <datafield tag="952" ind1=" " ind2=" ">
    <subfield code="0">0</subfield>
    <subfield code="1">0</subfield>
    <subfield code="2">lcc</subfield>
    <subfield code="4">0</subfield>
    <subfield code="7">0</subfield>
    <subfield code="a">MUC</subfield>
    <subfield code="b">MUC</subfield>
    <subfield code="c">BIND</subfield>
    <subfield code="d">2016-08-11</subfield>
    <subfield code="e">Purchase</subfield>
    <subfield code="l">92</subfield>
    <subfield code="o">HB 171.5 .S25 2011</subfield>
    <subfield code="p">24927</subfield>
    <subfield code="r">2022-07-08</subfield>
    <subfield code="s">2022-07-08</subfield>
    <subfield code="w">2016-08-11</subfield>
    <subfield code="y">SH_L_BOOKS</subfield>
  </datafield>
</record>
